| 000 | 01455cam a2200349 a 4500 | ||
|---|---|---|---|
| 999 |
_c529801 _d529801 |
||
| 001 | 13691233 | ||
| 003 | NUST | ||
| 005 | 20191003120540.0 | ||
| 008 | 040818s2005 nyu c 000 1 eng | ||
| 010 | _a 2004018623 | ||
| 020 | _a031615556X | ||
| 038 | _awaseem | ||
| 040 |
_aDLC _cDLC _dDLC |
||
| 042 | _alcac | ||
| 050 | 0 | 0 |
_aPZ7.P27653 _bMax 2005 |
| 082 | 0 | 0 |
_a813.54 _bPAT |
| 100 | 1 |
_aPatterson, James, _d1947- _910907 |
|
| 245 | 1 | 0 |
_aMaximum Ride : _bthe angel experiment / _cJames Patterson. |
| 246 | 3 | _aAngel experiment | |
| 250 | _a1st ed. | ||
| 260 |
_aNew York : _bLittle, Brown, _c2005. |
||
| 300 |
_a422 p. ; _c23 cm. |
||
| 520 | _aAfter the mutant Erasers abduct the youngest member of their group, the "bird kids," who are the result of genetic experimentation, take off in pursuit and find themselves struggling to understand their own origins and purpose. | ||
| 650 | 1 |
_aGenetic engineering _vFiction. _922628 |
|
| 650 | 1 |
_aAdventure and adventurers _vFiction. _97118 |
|
| 650 | 1 |
_aScience fiction. _96320 |
|
| 856 | 4 | 2 |
_3Contributor biographical information _uhttp://www.loc.gov/catdir/enhancements/fy0742/2004018623-b.html |
| 856 | 4 | 2 |
_3Publisher description _uhttp://www.loc.gov/catdir/enhancements/fy0904/2004018623-d.html |
| 906 |
_a7 _bcbc _corignew _d1 _eecip _f20 _gy-gencatlg |
||
| 942 |
_2ddc _cBK |
||